000 00455ntaaa2200169 4500
003 01
005 20251027201142.0
008 0714s1973 ag 01
040 _aAR-BaBN
_bspa
_cAR-BaBN
_eaacr
_dRIC
082 _a220.07 C26
245 _aEstudios bĂ­blicos introductorios. (Libro del maestro.)
250 _a1 ed.
260 _aEl Paso :
_bCasa Bautista de Publicaciones,
_c1966
300 _a64 p.
500 _aEstudios para nuevos creyentes
942 _cBK
999 _c5759
_d5759